Platino. The laser for everyone.

Saved in:
Bibliographic Details
Corporate Authors: PRIMA INDUSTRIE S.p.A. (Collegno) (Author), Sp - Tech Slovakia, s.r.o. (Prešov) (Compiler)
Format: Book
Language:English
Published: [S.l.] : [s.n.], 2007
Edition:[1st ed.]
Subjects:
Online Access: Get full text
Tags: Add Tag
No Tags, Be the first to tag this record!

MARC

LEADER 00000nam a2200000 4500
003 SK-BrCVT
005 20220621162654.0
008 070813s2007 it e ||||||eng d
035 |a CVTIDW1411972 
040 |b slo  |a CVTI SR  |e AACR2 
041 0 |a eng 
044 |a it 
080 |a 621.9.022  |2 UDC-MRF 
110 2 |a PRIMA INDUSTRIE S.p.A. (Collegno)  |4 aut 
245 1 0 |a Platino. The laser for everyone. 
250 |a [1st ed.] 
260 |a [S.l.] :  |b [s.n.],  |c 2007 
300 |a [12 s.] :  |b obr. ; 
653 1 |a tabuľový plech  |a laserový rezací stroj 
710 2 |a Sp - Tech Slovakia, s.r.o. (Prešov)  |4 com 
910 |b F027274 
959 |a 5521 
974 |f Firemná literatúra 
992 |a FFK 
999 |c 151795  |d 151795